[Event "NCA-chT"]
[Site "Managua"]
[Date "2015.11.15"]
[Round "2.2"]
[White "Aviles, Fernando"]
[Black "David, Alarcon"]
[Result "1/2-1/2"]
[WhiteElo "2105"]
[BlackElo "2082"]
[PlyCount "37"]
[EventDate "2015.11.14"]
[EventType "team-tourn"]
[EventRounds "9"]
[EventCountry "NCA"]
[SourceTitle "EXT 2018"]
[Source "ChessBase"]
[SourceDate "2017.10.13"]
[SourceVersion "1"]
[SourceVersionDate "2017.10.13"]
[SourceQuality "1"]
[WhiteTeam "Granados Lazaro"]
[BlackTeam "Joaquin Hurtado"]
[WhiteTeamCountry "NCA"]
[BlackTeamCountry "NCA"]

1. d4 Nf6 2. c4 g6 3. Nc3 Bg7 4. e4 d6 5. f3 0-0 6. Be3 Nc6 7. Nge2 e5 8. d5 Ne7 9. Qd2 Ne8 10. g4 f5 11. gxf5 gxf5 12. 0-0-0 f4 13. Bf2 Rf6 14. h4 h5 15. Kb1 Rg6 16. Ng1 Bf6 17. Bh3 Ng7 18. Bf1 Rh6 19. Nge2 1/2-1/2

[Event "NCA-ch"]
[Site "Managua"]
[Date "2011.09.11"]
[Round "9"]
[White "Rocha, Maximiliano"]
[Black "David, Alarcon"]
[Result "0-1"]
[WhiteElo "2217"]
[BlackElo "2112"]
[PlyCount "70"]
[EventDate "2011.08.20"]
[EventType "swiss"]
[EventRounds "9"]
[EventCountry "NCA"]
[SourceTitle "CBM 144 Extra"]
[Source "ChessBase"]
[SourceDate "2011.10.28"]
[SourceVersion "1"]
[SourceVersionDate "2011.10.28"]
[SourceQuality "1"]

1. d4 Nf6 2. c4 g6 3. Nc3 Bg7 4. e4 d6 5. f4 0-0 6. Nf3 c5 7. e5 Nfd7 8. exd6 exd6 9. Be2 Nc6 10. d5 Nd4 11. 0-0 Re8 12. Bd3 f5 13. Kh1 Nxf3 14. Qxf3 Nf6 15. Bd2 Bd7 16. Rab1 a6 17. a3 Rb8 18. b4 b6 19. Nd1 Ne4 20. Be1 b5 21. bxc5 dxc5 22. Nf2 Nd6 23. cxb5 axb5 24. Bd2 Ra8 25. Bc2 Nc4 26. Bc1 Qa5 27. d6 Be6 28. Bb3 Ra6 29. Nd3 Bd4 30. d7 Bxd7 31. Nxc5 Bc6 32. Qd3 Bxc5 33. Bd2 Qd8 34. Bxc4+ bxc4 35. Qxc4+ Qd5 0-1

[Event "NCA-ch"]
[Site "Managua"]
[Date "2011.08.21"]
[Round "3"]
[White "Bravo, William"]
[Black "David, Alarcon"]
[Result "1-0"]
[WhiteElo "2243"]
[BlackElo "2112"]
[PlyCount "47"]
[EventDate "2011.08.20"]
[EventType "swiss"]
[EventRounds "9"]
[EventCountry "NCA"]
[SourceTitle "CBM 144 Extra"]
[Source "ChessBase"]
[SourceDate "2011.10.28"]
[SourceVersion "1"]
[SourceVersionDate "2011.10.28"]
[SourceQuality "1"]

1. d4 Nf6 2. c4 g6 3. Nc3 Bg7 4. e4 d6 5. Nf3 0-0 6. h3 e5 7. d5 c5 8. Bg5 h6 9. Be3 Kh7 10. g4 Ng8 11. Be2 f5 12. gxf5 gxf5 13. exf5 Bxf5 14. h4 Ne7 15. h5 Kg8 16. Rg1 Rf6 17. Qd2 Kh8 18. 0-0-0 Nd7 19. Nh4 Qf8 20. Rg3 Qf7 21. Rdg1 Rg8 22. Bg4 Bf8 23. Ng6+ Kh7 24. Nxe7 1-0

[Event "NCA-ch"]
[Site "Managua"]
[Date "2011.08.21"]
[Round "2"]
[White "David, Alarcon"]
[Black "Vanegas, Yader"]
[Result "1/2-1/2"]
[WhiteElo "2112"]
[BlackElo "1816"]
[PlyCount "124"]
[EventDate "2011.08.20"]
[EventType "swiss"]
[EventRounds "9"]
[EventCountry "NCA"]
[SourceTitle "CBM 144 Extra"]
[Source "ChessBase"]
[SourceDate "2011.10.28"]
[SourceVersion "1"]
[SourceVersionDate "2011.10.28"]
[SourceQuality "1"]

1. e4 c5 2. Nf3 d6 3. c4 Nc6 4. d4 cxd4 5. Nxd4 Nf6 6. Nc3 a6 7. Be2 e5 8. Nc2 Be6 9. 0-0 Be7 10. Be3 0-0 11. Qd2 Ng4 12. Bxg4 Bxg4 13. Nd5 Be6 14. Bb6 Qd7 15. Nce3 a5 16. Nc7 Rac8 17. Nb5 Bd8 18. Bxd8 Rfxd8 19. Rfd1 Qe7 20. Nxd6 Rc7 21. Ndf5 Qg5 22. Nd5 Qxd2 23. Rxd2 Bxf5 24. exf5 Rcd7 25. f6 Kf8 26. fxg7+ Kxg7 27. Re1 f6 28. Rd3 Nd4 29. f4 b5 30. fxe5 fxe5 31. Rxe5 Nc6 32. Rg5+ Kh8 33. cxb5 Ne7 34. b6 Nxd5 35. b7 Rxb7 36. Rgxd5 Rxd5 37. Rxd5 Rxb2 38. Rxa5 Kg7 39. a4 Ra2 40. h4 h5 41. Kh2 Ra3 42. Rg5+ Kh6 43. a5 Ra4 44. g3 Ra2+ 45. Kh3 Ra3 46. Rb5 Kg6 47. Rb6+ Kf7 48. a6 Ke8 49. Kg2 Kd8 50. Kf2 Kc7 51. Rg6 Kb8 52. g4 hxg4 53. h5 Rh3 54. Rg5 Ka7 55. Ra5 Rf3+ 56. Kg1 Rg3+ 57. Kh2 Rh3+ 58. Kg2 Rc3 59. Ra4 Rh3 60. Ra5 Rc3 61. Ra4 Rh3 62. Ra5 Rc3 1/2-1/2